000 01050nam a22002417a 4500
003 PE SENCICO BE
005 20251020182645.0
008 231030b |||||||| |||| 00| 0 eng d
040 _aPE SENCICO BE
_cPE SENCICO BE
041 _aspa
084 _aI
_aDIB
_a2017
_bR91
100 1 _91732
_aRubio Sierralta, Leony Gaspar
_eautor
245 1 _aEl proyecto de instalaciones sanitarias redes de agua y desague /
_cLeony Gaspar Rubio Sierralta
260 _aLima :
_c2017
300 _a57 h. :
_bil. col., tabls., plans. ;
_c30 cm.
502 _aMonografía de Titulación.-- Servicio Nacional de Capacitación para la Industria de la Construcción. Escuela Superior Técnica. Carrera Profesional Técnica en Dibujo en Construcción Civil, 2017.
650 1 0 _9103
_aInstalaciones sanitarias
650 2 0 _91733
_aRedes de distribución de agua
650 2 0 _91668
_aTuberías para agua
710 1 _aServicio Nacional de Capacitación para la Industria de la Construcción.
_bEscuela Superior Técnica
_91065
910 _bhfp
_chfp
942 _cMON
999 _c4407
_d4407